| 000 | 00463nam a22001811c 4500 | ||
|---|---|---|---|
| 001 | a987677963 | ||
| 008 | 161114s1940 gw |||| 000u ger d | ||
| 041 | _ager | ||
| 245 | 0 | 4 | _aDie wirtschaftlichen Möglichkeiten der Sowjetunion |
| 264 |
_aBerlin : _bStollberg, _c[1940] |
||
| 300 | _a114 S. : Kt. | ||
| 650 | 0 | _aSowjetunion | |
| 650 | 0 | _aWirtschaft | |
| 942 | _cMG | ||
| 040 | _cRU-10907106 | ||
| 003 | RU-10907106 | ||
| 999 |
_c39907 _d39907 |
||
| 490 | 4 | _aDie Bücherei des Ostraumes | |